الثورة العربية والثورة المضادة امريكية الصنع / (Record no. 16614)
[ view plain ]
| 000 -LEADER | |
|---|---|
| fixed length control field | 01144nam a22002297a 4500 |
| 005 - DATE AND TIME OF LATEST TRANSACTION | |
| control field | 20120328164327.0 |
| 008 - FIXED-LENGTH DATA ELEMENTS--GENERAL INFORMATION | |
| fixed length control field | 120328s2012 ua|||||r|||| 00| 0 eng d |
| 020 ## - INTERNATIONAL STANDARD BOOK NUMBER | |
| International Standard Book Number | 9775868963 |
| 082 ## - DEWEY DECIMAL CLASSIFICATION NUMBER | |
| Edition number | 22 |
| Classification number | 320.956 |
| Item number | ب ت ر |
| 100 ## - MAIN ENTRY--PERSONAL NAME | |
| 9 (RLIN) | 29491 |
| Personal name | بتراس، جيمس |
| 245 ## - TITLE STATEMENT | |
| Title | الثورة العربية والثورة المضادة امريكية الصنع / |
| Statement of responsibility, etc | تأليف جيمس بتراس ؛ ترجمة فاطمة نصر. |
| 250 ## - EDITION STATEMENT | |
| Edition statement | ط. 1. |
| 260 ## - PUBLICATION, DISTRIBUTION, ETC. (IMPRINT) | |
| Place of publication, distribution, etc | القاهرة : |
| Name of publisher, distributor, etc | مكتبة سطور للنشر، |
| Date of publication, distribution, etc | 2012. |
| 300 ## - PHYSICAL DESCRIPTION | |
| Extent | 130 ص. ؛ |
| Dimensions | 17 سم. |
| 651 ## - SUBJECT ADDED ENTRY--GEOGRAPHIC NAME | |
| 9 (RLIN) | 29429 |
| Geographic name | مصر |
| General subdivision | تاريخ |
| Chronological subdivision | العصر الحديث|حسني مبارك، 1981-2011 |
| 651 ## - SUBJECT ADDED ENTRY--GEOGRAPHIC NAME | |
| 9 (RLIN) | 29492 |
| Geographic name | مصر |
| General subdivision | تاريخ|الثورات |
| Chronological subdivision | العصر الحديث |
| 651 ## - SUBJECT ADDED ENTRY--GEOGRAPHIC NAME | |
| 9 (RLIN) | 16887 |
| Geographic name | ليبيا |
| Geographic subdivision | الأحوال السياسية |
| 651 ## - SUBJECT ADDED ENTRY--GEOGRAPHIC NAME | |
| 9 (RLIN) | 13357 |
| Geographic name | الولايات المتحدة الأمريكية |
| General subdivision | العلاقات الخارجية |
| Geographic subdivision | الأحوال السياسية |
| 653 ## - INDEX TERM--UNCONTROLLED | |
| Resource For college | |
| Arrived date list | March2012 |
| 942 ## - ADDED ENTRY ELEMENTS (KOHA) | |
| Source of classification or shelving scheme | Dewey Decimal Classification |
| Item type | Book - Borrowing |
| Withdrawn status | Item status | Source of classification or shelving scheme | Damaged status | Not for loan | Vendor | Home library | Current library | Shelving location | Date acquired | Total Checkouts | Full call number | Barcode | Date last seen | Date last borrowed | Koha item type |
|---|---|---|---|---|---|---|---|---|---|---|---|---|---|---|---|
| Dewey Decimal Classification | Baccah | Central Library | Central Library | First floor | 28/03/2012 | 1 | 320.956 ب ت ر | 000026554 | 15/07/2025 | 24/10/2017 | Book - Borrowing |